000 00662nam a2200241Ia 4500
003 OSt
005 20220918174639.0
006 a|||||r|||| 00| 0
007 ta
008 220917b |||||||| |||| 00| 0 eng d
024 _a13,278
037 _cTextual
040 _aARTS
_cARTS
_beng
041 _2eng
_aeng
082 _aN2498aN, 122G5 Q4
110 _aMission Pellikot en Asie centrale
_951192
245 0 _aAnnales de la societe de geographie commericial fasc 4
260 _c1935
650 _aARTS
700 _aMission Pellikot en Asie centrale
_951193
942 _hN2498aN, 122G5 Q4
_cTEXL
_2CC
999 _c154041
_d154041